Modern Land Law (Record no. 115004)

MARC details
000 -LEADER
fixed length control field 01021cam a22002535a 4500
001 - CONTROL NUMBER
control field L157862
008 - FIXED-LENGTH DATA ELEMENTS--GENERAL INFORMATION
fixed length control field 130614s2012 xxk f 000 0 eng d
020 ## - INTERNATIONAL STANDARD BOOK NUMBER
International Standard Book Number 9780203103111
035 ## - SYSTEM CONTROL NUMBER
System control number (Sirsi) u157862
041 0# - LANGUAGE CODE
Language code of text/sound track or separate title eng
100 1# - MAIN ENTRY--PERSONAL NAME
Personal name Dixon, Martin
245 00 - TITLE STATEMENT
Title Modern Land Law
Medium [electronic resource]
250 ## - EDITION STATEMENT
Edition statement 8th ed.
260 ## - PUBLICATION, DISTRIBUTION, ETC.
Place of publication, distribution, etc. Oxon
Name of publisher, distributor, etc. Routledge
Date of publication, distribution, etc. 2012
300 ## - PHYSICAL DESCRIPTION
Extent ebook
520 ## - SUMMARY, ETC.
Summary, etc. Written specifically for students, provides exact analysis of of all the key legal principles relating to land. Includes information about registered and unregistered land, the law of easements and profits and freehold covenants. Updated to include discussion of the most recent case law such as Berrisford v Mexfield Housing Association and Halifax v Popeck.
590 ## - LOCAL NOTE (RLIN)
Local note KA
650 24 - SUBJECT ADDED ENTRY--TOPICAL TERM
Topical term or geographic name entry element EBOOK
651 #4 - SUBJECT ADDED ENTRY--GEOGRAPHIC NAME
Geographic name United Kingdom
690 ## - LOCAL SUBJECT ADDED ENTRY--TOPICAL TERM (OCLC, RLIN)
Topical term or geographic name as entry element Land use
9 (RLIN) 6251
690 ## - LOCAL SUBJECT ADDED ENTRY--TOPICAL TERM (OCLC, RLIN)
Topical term or geographic name as entry element Environment
9 (RLIN) 6238
856 40 - ELECTRONIC LOCATION AND ACCESS
Uniform Resource Identifier <a href="https://www.vlebooks.com/">https://www.vlebooks.com/</a>
Public note View on VLEbooks. Logins for members only from [email protected]
942 ## - ADDED ENTRY ELEMENTS (KOHA)
Suppress in OPAC 0
Holdings
Withdrawn status Lost status Source of classification or shelving scheme Damaged status Not for loan Home library Current library Shelving location Date acquired Total Checkouts Full call number Barcode Date last seen Copy number Price effective from Koha item type
    Dewey Decimal Classification     Virtual Virtual Online 14/06/2013   EBOOK 157862-2001 06/08/2019 1 06/08/2019 Book